• 首页
  • 本馆介绍
  • 公告通知
  • 最新文献
  • 馆藏检索
  • 电子资源
  • 读者导购
  • 参考咨询
  • 我的图书馆
  • 登录
  • 详细信息显示
  • 放入我的书架
  • 预约/预借图书
  • 作者相关作品
  • 分类相关作品
  • 丛书相关作品
  • 出版社相关作品

书目信息

  • 表格格式
  • 工作单格式
  • 卡片格式
题名:
木雕把玩艺术
    
 
作者: ;把玩艺术工作室 编著
分册:  
出版信息: 北京   现代出版社  2015
页数: 130页
开本: 21cm
丛书名:
单 册:
中图分类: J314.2
科图分类:
主题词: 木雕--mu diao--鉴赏--中国
电子资源:
ISBN: 978-7-5143-3267-4
000 00737nam0 22002411 450
001 0124140135
005 20170324140135.0
010    @a978-7-5143-3267-4@dCNY37.00
100    @a20150525d2015 em y0chiy50 ea
101 0  @achi
102    @aCN@b110000
105    @aa z 000yy
106    @ar
200 1  @a木雕把玩艺术@9mu diao ba wan yi shu@f把玩艺术工作室编著
210    @a北京@c现代出版社@d2015
215    @a130页@c彩图@d21cm
300    @a把玩艺术系列
330    @a本书总结并展示了木雕的历史、流派、工艺、辨伪、收藏、赏玩等内容。
606 0  @a木雕@9mu diao@x鉴赏@y中国
690    @aJ314.2@v5
711 02 @a把玩艺术工作室@9ba wan yi shu gong zuo shi@4编著
801  0 @aCN@bTANGWEI@c20170308
905    @b0961745-7@dJ314.2@e37@f3
    
    木雕把玩艺术/把玩艺术工作室编著.-北京:现代出版社,2015
    130页:彩图;21cm
    把玩艺术系列
    
    ISBN 978-7-5143-3267-4:CNY37.00
    本书总结并展示了木雕的历史、流派、工艺、辨伪、收藏、赏玩等内容。
●
相关链接 在E读中查询图书 在五车中查询图书 在当当中查询图书 在豆瓣中查询图书


正题名:木雕把玩艺术     索取号:J314.2/37         预约/预借

序号 登录号 条形码 馆藏地/架位号 状态 备注
1 0961745   209617459   第一样本阅览室/ [索取号:J314.2/37] 在馆    
2 0961746   209617468   第一借阅区/ [索取号:J314.2/37] 在馆    
3 0961747   209617477   第一借阅区/ [索取号:J314.2/37] 在馆    
唐山师范学院图书馆 欢迎您!
大连网信软件有限公司© 版权所有